[Event "Mittelfrankenliga-B2a 0607"]
[Site "Mittelfranken"]
[Date "2007.02.11"]
[Round "6.8"]
[White "Spies, Timon"]
[Black "Mueller, Werner5555"]
[Result "1/2-1/2"]
[WhiteElo "1755"]
[BlackElo "1743"]
[PlyCount "67"]
[EventDate "2006.10.22"]
[EventType "team-tourn"]
[EventRounds "9"]
[EventCountry "GER"]
[SourceTitle "EXT 2011"]
[Source "ChessBase"]
[SourceDate "2010.11.26"]
[SourceVersion "1"]
[SourceVersionDate "2010.11.26"]
[SourceQuality "1"]
[WhiteTeam "Herzogenaurach"]
[BlackTeam "Erlangen BSGW"]
[WhiteTeamCountry "GER"]
[BlackTeamCountry "GER"]

1. e4 g6 2. d4 Bg7 3. f4 d6 4. Nf3 e6 5. Be3 Ne7 6. Nc3 b6 7. Bb5+ Nd7 8. Qd2 a6 9. Bd3 Bb7 10. g4 c5 11. Rf1 d5 12. e5 Qc7 13. Qf2 c4 14. Be2 b5 15. a3 f6 16. h4 0-0-0 17. 0-0-0 Rdf8 18. Qh2 h6 19. Rf2 fxe5 20. Nxe5 Nxe5 21. fxe5 Rxf2 22. Qxf2 Rf8 23. Qg1 Qd8 24. Rf1 Rxf1+ 25. Qxf1 Qf8 26. Qxf8+ Bxf8 27. Bd1 Bc6 28. Ne2 Be8 29. Bd2 Nc6 30. c3 Ne7 31. Nf4 Bf7 32. Bc2 Kd7 33. Kd1 Bg7 34. Ke2 1/2-1/2

[Event "Mittelfrankenliga-B2a 0607"]
[Site "Mittelfranken"]
[Date "2006.11.12"]
[Round "2.8"]
[White "Frenzel, Thomas"]
[Black "Spies, Timon"]
[Result "0-1"]
[WhiteElo "1539"]
[BlackElo "1755"]
[PlyCount "86"]
[EventDate "2006.10.22"]
[EventType "team-tourn"]
[EventRounds "9"]
[EventCountry "GER"]
[SourceTitle "EXT 2011"]
[Source "ChessBase"]
[SourceDate "2010.11.26"]
[SourceVersion "1"]
[SourceVersionDate "2010.11.26"]
[SourceQuality "1"]
[WhiteTeam "Lauf II"]
[BlackTeam "Herzogenaurach"]
[WhiteTeamCountry "GER"]
[BlackTeamCountry "GER"]

1. d4 Nf6 2. Nf3 d6 3. c4 Bg4 4. e3 Nbd7 5. Nc3 e5 6. Be2 Be7 7. d5 0-0 8. e4 Nc5 9. Qc2 a5 10. Be3 Nfd7 11. a4 f5 12. h3 Bxf3 13. Bxf3 f4 14. Bd2 Qe8 15. Nb5 Bd8 16. Bc3 Qg6 17. h4 h5 18. Qe2 Nf6 19. g3 fxg3 20. fxg3 Qxg3+ 21. Kd1 Ng4 22. Rf1 Nh2 23. Be1 Qh3 24. Bg2 Qb3+ 25. Kc1 Nd3+ 26. Kb1 Nxf1 27. Ra3 Qxb2+ 28. Qxb2 Nxb2 29. Kxb2 Nh2 30. Bg3 Ng4 31. Rf3 Rxf3 32. Bxf3 Rc8 33. Na3 Ra8 34. Nb5 Kf7 35. Kc3 Ke7 36. Kd3 c6 37. Nc3 Bb6 38. dxc6 bxc6 39. Ke2 Bd4 40. Kd3 Rb8 41. Be1 Bf2 42. Bxg4 Bxe1 43. Nd1 hxg4 0-1

[Event "Mittelfranken-chT 0405"]
[Site "Germany"]
[Date "2004.10.17"]
[Round "1.3"]
[White "Spies, Timon"]
[Black "Simon, Martin"]
[Result "0-1"]
[WhiteElo "1884"]
[BlackElo "1894"]
[PlyCount "116"]
[EventDate "2004.10.17"]
[EventType "team"]
[EventRounds "9"]
[EventCountry "GER"]
[SourceTitle "EXT 2007"]
[Source "ChessBase"]
[SourceDate "2006.11.23"]
[SourceVersion "1"]
[SourceVersionDate "2006.11.23"]
[SourceQuality "1"]

1. e4 e5 2. Nc3 Nc6 3. Bc4 Nf6 4. f4 exf4 5. Nf3 Bb4 6. d3 d5 7. exd5 Nxd5 8. Qe2+ Be6 9. Bxd5 Qxd5 10. Bxf4 0-0-0 11. 0-0 Bxc3 12. bxc3 Qc5+ 13. Nd4 Nxd4 14. cxd4 Qxd4+ 15. Qe3 Rhe8 16. a4 Qxe3+ 17. Bxe3 a6 18. Kf2 Rd5 19. Rfe1 Bd7 20. a5 Rf5+ 21. Kg1 Re6 22. Bd2 Rc6 23. Rac1 Rd5 24. Re3 Bf5 25. Kf2 Kd7 26. Bb4 Re6 27. Rce1 Rb5 28. Rxe6 Bxe6 29. Bd2 Rb2 30. Rc1 Bb3 31. Bc3 Rxc2+ 32. Rxc2 Bxc2 33. Bxg7 Bxd3 34. Ke3 Bf1 35. g3 b6 36. axb6 cxb6 37. Kd4 Kc6 38. Kc3 Kb5 39. Kb3 Bc4+ 40. Ka3 Kc5 41. Bf8+ Kd4 42. Kb4 Bb5 43. Bd6 Kd5 44. Bf8 Kc6 45. Be7 a5+ 46. Kb3 Kb7 47. Ka3 Bc4 48. Ka4 Ka6 49. Bd6 b5+ 50. Ka3 Be2 51. Kb3 b4 52. Be7 Kb5 53. Bf8 a4+ 54. Kb2 a3+ 55. Kb1 Ka4 56. Bg7 b3 57. Kc1 Bd3 58. Bf6 b2+ 0-1

[Event "Seebach op 15th"]
[Site "Grossenseebach"]
[Date "2004.06.17"]
[Round "7"]
[White "Eisenach, Holger"]
[Black "Spies, Timon"]
[Result "1/2-1/2"]
[WhiteElo "1793"]
[BlackElo "1838"]
[PlyCount "67"]
[EventDate "2004.06.17"]
[EventType "swiss"]
[EventRounds "7"]
[EventCountry "GER"]
[SourceTitle "EXT 2018"]
[Source "ChessBase"]
[SourceDate "2017.10.13"]
[SourceVersion "1"]
[SourceVersionDate "2017.10.13"]
[SourceQuality "1"]

1. Nf3 d6 2. g3 e5 3. e4 Nf6 4. d3 Be7 5. Bg2 0-0 6. 0-0 Bg4 7. c3 Nc6 8. Nbd2 Qd7 9. Nc4 Rfe8 10. Ne3 Bh3 11. Qc2 Bxg2 12. Kxg2 Bf8 13. a3 d5 14. Re1 Rad8 15. Nf1 dxe4 16. dxe4 Qd3 17. Qxd3 Rxd3 18. Bg5 Be7 19. Bxf6 Bxf6 20. Ne3 Be7 21. Nd5 Bd6 22. Re2 Na5 23. Nb4 Bxb4 24. axb4 Nc6 25. b5 Nd8 26. Rxa7 f6 27. Rd2 Rxd2 28. Nxd2 Kf7 29. Nc4 Re7 30. Kf3 Ke6 31. Ke3 Rd7 32. Ra1 Nf7 33. Na5 Nd6 34. Ra4 1/2-1/2

[Event "Seebach op 14th"]
[Site "Grossenseebach"]
[Date "2003.06.21"]
[Round "6"]
[White "Spies, Timon"]
[Black "Singer, Michael"]
[Result "1/2-1/2"]
[WhiteElo "1743"]
[BlackElo "1660"]
[PlyCount "96"]
[EventDate "2003.06.19"]
[EventType "swiss"]
[EventRounds "7"]
[EventCountry "GER"]
[SourceTitle "EXT 2018"]
[Source "ChessBase"]
[SourceDate "2017.10.13"]
[SourceVersion "1"]
[SourceVersionDate "2017.10.13"]
[SourceQuality "1"]

1. e4 c5 2. d4 cxd4 3. Nf3 d6 4. c3 dxc3 5. Nxc3 g6 6. Bc4 Bg7 7. e5 Nc6 8. exd6 Nf6 9. Bf4 0-0 10. 0-0 exd6 11. Qxd6 Qxd6 12. Bxd6 Rd8 13. Bf4 Bg4 14. Ng5 Rd7 15. f3 Bf5 16. Rad1 Rad8 17. Rxd7 Rxd7 18. Rd1 Kf8 19. Rxd7 Nxd7 20. Bd6+ Ne7 21. Nd5 Bd4+ 22. Kf1 Bc5 23. Nxe7 Bxd6 24. Nxf5 gxf5 25. Nxh7+ Kg7 26. Ng5 Bxh2 27. Nxf7 a6 28. Nd8 b5 29. Be6 Nc5 30. Bxf5 Na4 31. Bc8 a5 32. Nc6 Bc7 33. b4 axb4 34. Nxb4 Bd6 35. Nd3 Kf6 36. Ke2 Nc3+ 37. Kd2 Nxa2 38. Kc2 Nb4+ 39. Nxb4 Bxb4 40. Bd7 Kg5 41. Kd3 Kf4 42. Ke2 Kg3 43. Kf1 Bd2 44. Bxb5 Be3 45. Bd7 Bf4 46. Bh3 Be3 47. Ke2 Bf4 48. Kd3 Bc1 1/2-1/2

[Event "Seebach op 14th"]
[Site "Grossenseebach"]
[Date "2003.06.19"]
[Round "1"]
[White "Koch, Moritz"]
[Black "Spies, Timon"]
[Result "1-0"]
[WhiteElo "2195"]
[BlackElo "1743"]
[PlyCount "89"]
[EventDate "2003.06.19"]
[EventType "swiss"]
[EventRounds "7"]
[EventCountry "GER"]
[SourceTitle "EXT 2018"]
[Source "ChessBase"]
[SourceDate "2017.10.13"]
[SourceVersion "1"]
[SourceVersionDate "2017.10.13"]
[SourceQuality "1"]

1. Nf3 d6 2. d4 Nd7 3. e4 e5 4. Bc4 c6 5. a4 Be7 6. 0-0 Ngf6 7. Nc3 0-0 8. Re1 Qc7 9. Bg5 h6 10. Bh4 Nb6 11. Bb3 Be6 12. Bxe6 fxe6 13. Qe2 exd4 14. Nxd4 Qd7 15. a5 Nc8 16. Qc4 d5 17. exd5 exd5 18. Qe2 Bb4 19. Qe6+ Qxe6 20. Nxe6 Bxc3 21. bxc3 Rf7 22. Nd8 Rd7 23. Bxf6 gxf6 24. Re8+ Kh7 25. Rae1 Nd6 26. R1e7+ Rxe7 27. Rxe7+ Kg6 28. Nxb7 Nb5 29. Kf1 Rc8 30. Nc5 Rc7 31. Rxc7 Nxc7 32. Ke2 Kf5 33. Kd3 Nb5 34. Nb3 Ke5 35. Nd4 Kd6 36. Nxb5+ cxb5 37. Kd4 a6 38. g4 Kc6 39. f4 Kd6 40. h4 Kc6 41. g5 fxg5 42. fxg5 hxg5 43. hxg5 Kd6 44. g6 Ke6 45. Kc5 1-0